00514 a2200157 4500010001400000020002300014035001300037037001800050082001200068100001400080245004900094260004900143270008500192300003100277500004800308 aENG-85880 a8131301257c695.00 aEN-69413 bD.B.Act / Pub14a341.76214aBhatt, S.1 aInternational environmental lawcby S. Bhatt aNew DelhibAPH Publishing Corporatioonc2007 a5, Ansari Road, Darya GanjbNew Delhie110 002k011- 23274050maphbooks@vsnl.net axiii, 288 p.b22 cm ( Hb.) aIncludes bibliographical refrence and index